|
|
|
|
| LEADER |
01309nam a22002657i 4500 |
| 003 |
GR-PaULI |
| 005 |
20210117210323.0 |
| 008 |
130820s1995 gr f gre d |
| 020 |
|
|
|a 9789609421775
|
| 040 |
|
|
|a GR-PaULI
|b gre
|c GR-PaULI
|e AACR2
|
| 041 |
0 |
|
|a gre
|
| 082 |
0 |
4 |
|a 128
|
| 100 |
1 |
|
|9 46824
|a Παπαϊωάννου, Κώστας Σ.,
|d 1925-1981
|e συγγραφέας
|
| 245 |
1 |
0 |
|a Ο άνθρωπος και ο ίσκιος του:
|b ιστορική συνείδηση και ανθρωπολογία του XX αιώνα /
|c Κώστας Παπαϊωάννου.
|
| 260 |
|
|
|a Αθήνα:
|b Το Ποντίκι,
|c 1995.
|
| 300 |
|
|
|a 164 σ. ;
|c 17 εκ.
|
| 490 |
1 |
|
|a Έλληνες στοχαστές / Το Ποντίκι
|
| 650 |
|
4 |
|a Φιλοσοφική ανθρωπολογία
|9 1368
|
| 650 |
|
4 |
|a Φιλοσοφία, Ελληνική (Νεότερη)
|y 20ός αιώνας
|9 6594
|
| 650 |
|
4 |
|9 160160
|a Συνείδηση
|x Φιλοσοφία
|
| 830 |
|
0 |
|9 160158
|a Ευμενείς έλεγχοι (Εκκρεμές)
|
| 942 |
|
|
|2 ddc
|c BK15
|
| 952 |
|
|
|0 0
|1 0
|2 ddc
|4 0
|6 128_000000000000000_ΠΑΠ
|7 0
|9 209938
|a PHIL
|b PHIL
|d 2017-02-14
|i 11974
|l 1
|o 128 ΠΑΠ
|p 025000242912
|r 2022-11-16 00:00:00
|s 2022-11-08
|t 1
|v 2017.00
|w 2017-02-14
|y BK15
|
| 998 |
|
|
|c ΚΑΝΕΛΛΟΠΟΥΛΟΥ
|d 2017-02
|
| 999 |
|
|
|c 127820
|d 127820
|